Terciálne vzdelávanie ako komponent regionálneho rozvoja

Regionálna konkurencieschopnosť a regionálny rozvoj. Terciálne vzdelávanie a jeho funkcie v spoločnosti a regiónoch. Terciálne vzdelávanie a jeho vplyv na rozvoj spoločnosti a regiónov. Terciálne vzdelávanie a meranie jeho vplyvu na rozvoj Slovenska a jeho regiónov.

Gespeichert in:
Bibliographische Detailangaben
1. Verfasser: Kuzmišin, Peter
Weitere Verfasser: Kuzmišinová, Viera
Format: Buchkapitel
Sprache:Slowakisch
Schlagworte:
Tags: Tag hinzufügen
Keine Tags, Fügen Sie das erste Tag hinzu!

MARC

LEADER 00000naa a2200000 4500
001 0121939
005 20231102114625.3
041 0 |a slo 
044 |a SK 
245 1 0 |a Terciálne vzdelávanie ako komponent regionálneho rozvoja  |c Peter Kuzmišin, Viera Kuzmišinová 
520 |a Regionálna konkurencieschopnosť a regionálny rozvoj. Terciálne vzdelávanie a jeho funkcie v spoločnosti a regiónoch. Terciálne vzdelávanie a jeho vplyv na rozvoj spoločnosti a regiónov. Terciálne vzdelávanie a meranie jeho vplyvu na rozvoj Slovenska a jeho regiónov. 
610 2 0 |a vzdelávanie terciárne 
610 2 0 |a rozvoj regionálny 
610 2 0 |a vedomosti 
610 2 0 |a spoločnosť vedomostná 
610 2 0 |a Slovensko 
610 2 0 |a konkurencieschopnosť 
100 1 |a Kuzmišin, Peter 
700 1 |a Kuzmišinová, Viera